000 00744nam a22001815i 4500
001 163354
003 ES-MaACL
005 20240528154812.0
008 030120s1857 sp |||| | spa d
040 _aCAM
_bspa
_cCAM
245 0 0 _aResumen poético de la historia de España... /
_cpor M.C. de R.
260 _aMadrid :
_b[s.n.],
_c1857 (
_fImp. de Santiago Aguado y C.)
300 _a32 p. ;
_c17 cm.
852 _aES-MaACL
_jFOLL-Laf-585
_9169520
_cDEPOF
_fSello en tinta en portada: "Ateneo de Madrid. Legado M. de la Fuente"
_fSello en tinta en potada: "Ateneo de Madrid. Biblioteca"
_hLegado: M. de la Fuente
903 _969535
_aLafuente, Modesto,
_q1
_d1806-1866
_ednr
942 _2udc
_cFOLLETOS
999 _c163354
_d163354